Digital Design (Record no. 318880)

MARC details
000 -LEADER
fixed length control field 00420nam a2200169Ia 4500
008 - FIXED-LENGTH DATA ELEMENTS--GENERAL INFORMATION
fixed length control field 230718s9999 xx 000 0 und d
041 ## - LANGUAGE CODE
Language code of text/sound track or separate title eng
082 ## - DEWEY DECIMAL CLASSIFICATION NUMBER
Classification number 621.395
Item number MAN
100 ## - MAIN ENTRY--PERSONAL NAME
Personal name Mano M.M.
245 ## - TITLE STATEMENT
Title Digital Design
250 ## - EDITION STATEMENT
Edition statement 2nd ed.
260 ## - PUBLICATION, DISTRIBUTION, ETC. (IMPRINT)
Name of publisher, distributor, etc. Prentice-Hall Of India
300 ## - PHYSICAL DESCRIPTION
Extent 608
365 ## - TRADE PRICE
Currency code Rs.
Price amount 375.00
700 ## - ADDED ENTRY--PERSONAL NAME
Personal name Mano M.M. & Ciletti M.D.
9 (RLIN) 185645
906 ## - LOCAL DATA ELEMENT F, LDF (RLIN)
d B:440702-May-2008
c ETC
b 75
Holdings
Withdrawn status Lost status Damaged status Not for loan Home library Current library Date acquired Vendor Budget Code Cost, normal purchase price Bill number Total Checkouts Full call number Barcode Date last seen Discount Cost, replacement price Bill Date Koha item type Original Barcode
        Cummins College of Engineering for Women Pune Cummins College of Engineering for Women Pune 08/07/2008 Tbs ETC 300.00 4407   621.395 CCEP-BK-30087 18/07/2023 75 375.00 02/05/2008 Books 030087